000
00297nam a22001457a 4500
082
_a
001
_b
KOH/K
100
_a
N MOHAN
245
_a
CRICKET QUIZ
_b
QUIZ
246
_a
CRICKET QUIZ
_b
QUIZ
250
_a
2003
260
_a
ALUVA
_b
PEN BOOKS LTD
_c
2003
300
_a
32
520
_a
QUIZ
942
_c
BK
999
_c
1045
_d
1045